| 000 | 00415nam a22001697a 4500 | ||
|---|---|---|---|
| 005 | 20180816104636.0 | ||
| 008 | 160627b xxu||||| |||| 00| 0 eng d | ||
| 020 | _a0-07-044470-6 | ||
| 041 | _aeng | ||
| 082 |
_b10666 _a658.4012 |
||
| 100 |
_aKazmi, Azhar _91110 |
||
| 245 | _aBusiness policy and strategic management | ||
| 260 |
_bTMH _adelhi _c2004 |
||
| 300 | _a563p, | ||
| 650 |
_aManagement _9241 |
||
| 942 | _cBK | ||
| 999 |
_c4315 _d4314 |
||